<?xml version="1.0" encoding="UTF-8"?>
<record
    xmlns:xsi="http://www.w3.org/2001/XMLSchema-instance"
    xsi:schemaLocation="http://www.loc.gov/MARC21/slim http://www.loc.gov/standards/marcxml/schema/MARC21slim.xsd"
    xmlns="http://www.loc.gov/MARC21/slim">

  <leader>01306nam a2200265 a 4500</leader>
  <controlfield tag="001">78493</controlfield>
  <controlfield tag="003">BD-RjUL</controlfield>
  <controlfield tag="005">20211209083133.0</controlfield>
  <controlfield tag="008">210928s1962    ii a|||| |||| 00| 0 ben d</controlfield>
  <datafield tag="035" ind1=" " ind2=" ">
    <subfield code="a">(BD-RjUL)78719</subfield>
  </datafield>
  <datafield tag="040" ind1=" " ind2=" ">
    <subfield code="a">BD-RjUL</subfield>
    <subfield code="b">ben </subfield>
    <subfield code="c">BD-RjUL</subfield>
  </datafield>
  <datafield tag="041" ind1=" " ind2=" ">
    <subfield code="a">ben </subfield>
  </datafield>
  <datafield tag="082" ind1=" " ind2=" ">
    <subfield code="2">23 </subfield>
    <subfield code="a">954.147 </subfield>
    <subfield code="b">GHS 1962</subfield>
  </datafield>
  <datafield tag="100" ind1="1" ind2=" ">
    <subfield code="a">&#x998;&#x9CB;&#x9B7;, &#x9AC;&#x9BF;&#x9A8;&#x9AF;&#x9BC;</subfield>
    <subfield code="9">170375</subfield>
  </datafield>
  <datafield tag="245" ind1="1" ind2="0">
    <subfield code="a">&#x9B8;&#x9C1;&#x9A4;&#x9BE;&#x9A8;&#x9C1;&#x99F;&#x9BF; &#x9B8;&#x9AE;&#x9BE;&#x99A;&#x9BE;&#x9B0; / </subfield>
    <subfield code="c">&#x9AC;&#x9BF;&#x9A8;&#x9AF;&#x9BC; &#x998;&#x9CB;&#x9B7;.</subfield>
  </datafield>
  <datafield tag="250" ind1=" " ind2=" ">
    <subfield code="a">&#x9E7;&#x9AE; &#x9B8;&#x982;.</subfield>
  </datafield>
  <datafield tag="260" ind1=" " ind2=" ">
    <subfield code="a">&#x995;&#x9B2;&#x9BF;&#x995;&#x9BE;&#x9A4;&#x9BE; :</subfield>
    <subfield code="b">&#x9AC;&#x9BE;&#x995;&#x9CD; &#x9B8;&#x9BE;&#x9B9;&#x9BF;&#x9A4;&#x9CD;&#x9AF;, </subfield>
    <subfield code="c">&#x9E7;&#x9EF;&#x9EC;&#x9E8;</subfield>
  </datafield>
  <datafield tag="300" ind1=" " ind2=" ">
    <subfield code="a">&#x9E9;&#x9ED;&#x9EB; &#x9AA;&#x9C3;. :</subfield>
    <subfield code="b">&#x99A;&#x9BF;&#x9A4;&#x9CD;&#x9B0; ;</subfield>
    <subfield code="c">&#x9E8;&#x9E8; &#x9B8;&#x9C7;&#x9AE;&#x9BF;. </subfield>
  </datafield>
  <datafield tag="500" ind1=" " ind2=" ">
    <subfield code="a">"&#x989;&#x987;&#x9B2;&#x9BF;&#x9AF;&#x9BC;&#x9BE;&#x9AE; &#x9B9;&#x9BF;&#x995;&#x9BF;, &#x98F;&#x9B2;&#x9BF;&#x99C;&#x9BE; &#x9AB;&#x9C7;, &#x9AB;&#x9CD;&#x9AF;&#x9BE;&#x9A8;&#x9BF; &#x9AA;&#x9BE;&#x9B0;&#x9CD;&#x995;&#x9B8; &#x993; &#x9AD;&#x9BF;&#x995;&#x9A4;&#x9B0; &#x99C;&#x9CD;&#x9AF;&#x9BE;&#x995;&#x9AE;&#x9CB;&#x9B0; &#x9B8;&#x9CD;&#x9AE;&#x9C3;&#x9A4;&#x9BF;&#x995;&#x9A5;&#x9BE; &#x993; &#x9AD;&#x9CD;&#x9B0;&#x9AE;&#x9A3;&#x995;&#x9BE;&#x9B9;&#x9BF;&#x9A8;&#x9C0; &#x985;&#x9AC;&#x9B2;&#x9AE;&#x9CD;&#x9AC;&#x9A8;&#x9C7; &#x9B0;&#x99A;&#x9BF;&#x9A4;, &#x9E7;&#x9ED;&#x9ED;&#x9EB;-&#x9E7;&#x9EE;&#x9E9;&#x9E6; &#x996;&#x9CD;&#x9B0;&#x9C0;&#x9B7;&#x9CD;&#x99F;&#x9BE;&#x9AC;&#x9CD;&#x9A6;" </subfield>
  </datafield>
  <datafield tag="651" ind1=" " ind2=" ">
    <subfield code="a">&#x9AD;&#x9BE;&#x9B0;&#x9A4;</subfield>
    <subfield code="z">&#x995;&#x9B2;&#x9BF;&#x995;&#x9BE;&#x9A4;&#x9BE;</subfield>
    <subfield code="x">&#x987;&#x9A4;&#x9BF;&#x9B9;&#x9BE;&#x9B8;</subfield>
    <subfield code="9">193786</subfield>
  </datafield>
  <datafield tag="651" ind1=" " ind2=" ">
    <subfield code="a">India</subfield>
    <subfield code="z">Calcutta</subfield>
    <subfield code="x">History</subfield>
    <subfield code="9">193787</subfield>
  </datafield>
  <datafield tag="651" ind1=" " ind2=" ">
    <subfield code="a">&#x9AD;&#x9BE;&#x9B0;&#x9A4; </subfield>
    <subfield code="z">&#x995;&#x9B2;&#x9BF;&#x995;&#x9BE;&#x9A4;&#x9BE;</subfield>
    <subfield code="x">&#x9AC;&#x9B0;&#x9CD;&#x9A3;&#x9A8;&#x9BE; &#x98F;&#x9AC;&#x982; &#x9AD;&#x9CD;&#x9B0;&#x9AE;&#x9A3;</subfield>
    <subfield code="9">248591</subfield>
  </datafield>
  <datafield tag="651" ind1=" " ind2=" ">
    <subfield code="a">India </subfield>
    <subfield code="z">Calcutta</subfield>
    <subfield code="x">Description and travel.</subfield>
    <subfield code="9">248592</subfield>
  </datafield>
  <datafield tag="942" ind1=" " ind2=" ">
    <subfield code="2">ddc</subfield>
    <subfield code="c">RAR</subfield>
  </datafield>
  <datafield tag="999" ind1=" " ind2=" ">
    <subfield code="c">78493</subfield>
    <subfield code="d">78493</subfield>
  </datafield>
  <datafield tag="952" ind1=" " ind2=" ">
    <subfield code="0">0</subfield>
    <subfield code="1">0</subfield>
    <subfield code="2">ddc</subfield>
    <subfield code="4">0</subfield>
    <subfield code="7">1</subfield>
    <subfield code="8">RARE</subfield>
    <subfield code="a">RUCL</subfield>
    <subfield code="b">RUCL</subfield>
    <subfield code="c">Rare</subfield>
    <subfield code="d">1964-03-30</subfield>
    <subfield code="e">F. K. L. Mukhopadhya</subfield>
    <subfield code="g">12.00</subfield>
    <subfield code="l">0</subfield>
    <subfield code="o">BRA 954.147  GHS 1962</subfield>
    <subfield code="r">2021-09-28 00:00:00</subfield>
    <subfield code="t">C-1</subfield>
    <subfield code="w">2021-12-09</subfield>
    <subfield code="y">RAR</subfield>
  </datafield>
</record>
